000 00592nam a22002177a 4500
003 UA-OsUOA
001 66136
007 ta
008 20091221b un ||||| |||| 00| 0 ukr d
100 _aДем'яненко С.
090 _a330(477)
_bД30
942 _cSA
040 _aUA-OsUOA
_bfre
_cUA-OsUOA
_dUA-OsUOA
245 _aАгрохолдинги в Україні: процес становлення та розвитку
300 _aС.50-62
955 _a0
041 _afre
080 _a330(477)
773 0 _w66133
650 7 _a330 Економіка взагалі
_2UDC
999 _c351929
_d351929